000 01204 am a22003493u 4500
001 1954
003 FISKH
005 20251218151054.0
008 740301s1973 enka j| 000 p|eng
015 _aGB7405270
_2bnb
020 _a0859530183
020 _a9780859530187
020 _z9780859530187
020 _a9780859531344
040 _aUk
_cUk
050 0 0 _aM1629
082 0 4 _a784.4/97
_218
100 1 _aAdams, Pam.
245 1 0 _aThere was an old lady who swallowed a fly /
_cillustrated by Pam Adams.
260 _aSwindon :
_bChild's Play,
_c1973.
300 _a16 unnumbered pages :
_bcolor illustrations ;
_c29 cm
336 _atext
_2rdacontent
337 _aunmediated
_2rdamedia
338 _avolume
_2rdacarrier
505 _aG
520 _aAn illustrated version of the cumulative folk song in which the solution proves worse than the predicament when an old lady swallows a fly. Some pages are die-cut, permitting a portion of the next illustration to be seen.
521 8 _a390
_bLexile AD
521 8 _aG
_bRaz-Plus
650 0 _aFolk-songs, American
_xTexts.
653 _aFolk songs in English
_aNorth American folk songs
_aWords
_aTexts
942 _2ddc
_cBK
_n0
999 _c1954
_d1954